| 000 | 00418nam a22001457a 4500 | ||
|---|---|---|---|
| 999 |
_c7740 _d7740 |
||
| 003 | GBCCL | ||
| 005 | 20241126110635.0 | ||
| 008 | 180914b ||||| |||| 00| 0 eng d | ||
| 040 | _cgbc | ||
| 082 |
_aSOU HER _b2004 |
||
| 245 |
_aHerald, Evangelical Baptist Convention Church Mata : _bgolden jubilee souvenir 1954-2004 / _cV Tualzakhup, editor |
||
| 260 |
_c2004 _aMata : _bEBCC, |
||
| 300 | _a144pages | ||
| 942 |
_2ddc _cARCH |
||